Statystyki dla dokończ tekst piosenki- zadzwon do mnie PRO8L3M

Kliknij tutaj aby rozwiązać quiz!

Ogólne statystyki

  • Ten quiz został rozwiązany 58 razy
  • Średni wynik to 5 z 25

Statystyki odpowiedzi

HintOdpowiedź% Poprawnych
9Zadzwoń do mnie
69%
1Stałem z drinem, a był to klub ze striptizem
67%
2Podeszła patrząc niewinnie, ja rozpaliłem się jak diesel
40%
3Wzrok miałem jak hipnotyzer, ona skórę jak mulatka z Belize
29%
5Wyszliśmy poznać się bliżej, padał deszcz, ale klub miał markizę
26%
8Gdy otworzyła organizer i rzuciła ciche mi
21%
13Kupiłem nieparzystą ilość róż, bo tak czytałem w Esquire
21%
6Jakaś panna mignęła ze Steezem, myśli przelatywały jak Wizz Air
19%
4Miałem od ojca Citizen i bluzę od dziadka z Michigan
19%
14Przywitała mnie czerwień jej ust jak na plakacie Hey - Fire
19%
7A to dopiero morda teaser, ja czułem się jak Justin Bieber
17%
10Telepałem się jak Zelmer, więc wziąłem Fervex
17%
20Miłość jest przekleństwem, tonę w niej
14%
15Zrobiła mi się z łuku brwiowego bruzda gdy poprosiła "Zrób mi białego ruska"
14%
12Zrobiłem domowe wellness, zielone elmex, lufa i buch na stres
14%
11Podniosłem S10 Edge i ustawiłem się na seks
12%
21Uczucia to ścieki, myje mnie z nich Sasha Grey
12%
25Czy przez to jak patrzą mam ją kochać mniej?
10%
24Mój świat mi każe myśleć o niej jak o złej
10%
22Ona jest tylko sobą, ja się zakochałem w niej
10%
18I nagle poczułem lekki mózgu peeling, gdy ona mówi, że jest kurwą i jaki mam feeling
7%
16Wylałem skupiając się na jej ustach, na otwartą Tako rzecze Zaratustra
7%
23Wypieram obraz i nie poznaję jej
7%
19Yyy, mi to w ogóle nie przeszkadza, w ogóle
7%
17Z lewej tapeta z Empire State Building, a mnie mrowiło jak po raz pierwszy na Ealing
7%

Rozkład punktacji

Percentyl według liczby udzielonych odpowiedzi

Procent ludzi z każdym wynikiem

Twoja historia wyników

Nie rozwiązałeś tego quizu